000 00931cam a22002535i 4500
999 _c127597
_d127597
001 18994461
003 ARRUPE
005 20180314091818.0
008 160225s2017 cau 000 0 eng
010 _a 2016934525
020 _a9781621641261 (alk. paper)
040 _aDLC
_beng
_erda
_cDLC
042 _apcc
050 _aHV8694
_b.F413
100 1 _aFeser, Edward.
_940494
245 1 0 _aBy man shall his blood be shed :
_ba catholic defense of capital punishment /
_cEdward Feser and Joseph M. Bessette.
260 _aSan Francisco
_bIgnatius Press
_c2017
263 _a1703
300 _a420p. ;
_c23cm.
650 _aCapital punishment
_927233
650 _aCatholic Church
_xDoctrines
_94786
700 _aBessette, Joseph M
_940549
906 _a0
_bibc
_corignew
_d2
_eepcn
_f20
_gy-gencatlg
942 _2lcc
_cMONOGRAPH